000 00511nam a22002177a 4500
003 UA-OsUOA
001 46285
007 ta
008 20120207b un ||||| |||| 00| 0 ukr d
100 _aКіндзерявий С.
090 _a22
_bК46
942 _cBR
040 _aUA-OsUOA
_bukr
_cUA-OsUOA
_dUA-OsUOA
245 _aВірую і визнаю
955 _a4
041 _aukr
080 _a22
260 _aСША
_c1963
650 7 _a22 Біблія. Святе писання
_2UDC
999 _c426397
_d426397